Mechanics / (Record no. 183874)

000 -LEADER
fixed length control field 00977 a2200205 4500
003 - CONTROL NUMBER IDENTIFIER
control field NUST
005 - DATE AND TIME OF LATEST TRANSACTION
control field 20221128172751.0
010 ## - LIBRARY OF CONGRESS CONTROL NUMBER
LC control number 83006694
020 ## - INTERNATIONAL STANDARD BOOK NUMBER
International Standard Book Number 0313240647 (lib. bdg.)
040 ## - CATALOGING SOURCE
Transcribing agency Nust
082 00 - DEWEY DECIMAL CLASSIFICATION NUMBER
Classification number 531,SLA
100 1# - MAIN ENTRY--PERSONAL NAME
Personal name Slater, John C.
9 (RLIN) 103732
245 10 - TITLE STATEMENT
Title Mechanics /
Statement of responsibility, etc. John C. Slater and Nathaniel H. Frank.
260 ## - PUBLICATION, DISTRIBUTION, ETC.
Place of publication, distribution, etc. Westport, Conn. :
Name of publisher, distributor, etc. Greenwood Press,
Date of publication, distribution, etc. 1947.
300 ## - PHYSICAL DESCRIPTION
Extent xiii, 295 p. :
Other physical details ill. ;
Dimensions 22 cm.
505 ## - FORMATTED CONTENTS NOTE
Formatted contents note The Linear Motion Of A Particle (Page-1), The Linear Oscillator (Page-21), Motion In Two And Three Dimensions (Page-43), The Motion Of Rigid Bodies (Page-89),The Motion Of A Symmetrical Rigid Body (Page-107), Coupled Systems And Normal Coordinates (Page-122), The Vibrating String (Page-143), Wave Propagation In The String (Page-163), The Vibrating Membrane (Page-193), Flow Of Fluids (Page-224).
650 #0 - SUBJECT ADDED ENTRY--TOPICAL TERM
Topical term or geographic name entry element Mechanics, Analytic.
9 (RLIN) 39816
700 1# - ADDED ENTRY--PERSONAL NAME
Personal name Frank, Nathaniel Herman,
Dates associated with a name 1903-
9 (RLIN) 103733
942 ## - ADDED ENTRY ELEMENTS (KOHA)
Source of classification or shelving scheme
Koha item type Book
Call number prefix 531,SLA
Holdings
Withdrawn status Lost status Source of classification or shelving scheme Damaged status Not for loan Collection code Permanent Location Current Location Date acquired Total Checkouts Full call number Barcode Date last seen Price effective from Koha item type Shelving location Public note
            Military College of Signals (MCS) Military College of Signals (MCS) 12/12/2016   531 SLA MCS6152 12/08/2016 12/12/2016 Book    
            Military College of Signals (MCS) Military College of Signals (MCS) 12/12/2016   531,SLA MCS6153 12/08/2016 12/12/2016 Book General Stacks Almirah No.16, Shelf No.2
© 2023 Central Library, National University of Sciences and Technology. All Rights Reserved.